Nuevo diccionario latino español etimológico (Record no. 104389)

MARC details
000 -LEADER
campo de control de longitud fija 00997nam a2200241 i 4500
001 - NÚMERO DE CONTROL
campo de control 104389
003 - IDENTIFICADOR DE NÚMERO DE CONTROL
campo de control ES-MaACL
005 - FECHA Y HORA DE LA ÚLTIMA TRANSACCIÓN
campo de control 20250916063046.0
007 - CAMPO FIJO DE DESCRIPCIÓN FÍSICA--INFORMACIÓN GENERAL
campo de control de longitud fija t|
008 - DATOS DE LONGITUD FIJA--INFORMACIÓN GENERAL
campo de control de longitud fija 051129s1931 sp ||||1| spa d
100 1# - ENTRADA PRINCIPAL--NOMBRE DE PERSONA
Nombre de persona Miguel, Raimundo de,
Fechas asociadas al nombre 1816-1878
9 (RLIN) 242261
245 10 - MENCIÓN DEL TÍTULO
Título Nuevo diccionario latino español etimológico
Resto del título : seguido de un tratado de sinónimos y de un vocabulario español latino /
Mención de responsabilidad, etc. por D. Raimundo de Miguel y el Marqués de Morante.
250 ## - MENCION DE EDICION
Mención de edición 20ª ed., corr. y aum.
260 ## - PUBLICACIÓN, DISTRIBUCIÓN, ETC.
Lugar de publicación, distribución, etc. Madrid :
Nombre del editor, distribuidor, etc. Sánchez Ocaña,
Fecha de publicación, distribución, etc. 1931.
300 ## - DESCRIPCIÓN FÍSICA
Extensión XXXVII, 997 p., 256 p. ;
Dimensiones 27 cm.
597 ## - NOTA DE DESCRIPCIÓN FÍSICA
NOTA DE DESCRIPCIÓN FÍSICA Ejemp. falto de port.
650 14 - PUNTO DE ACCESO ADICIONAL DE MATERIA--TÉRMINO DE MATERIA
Término de materia o nombre geográfico como elemento de entrada Lengua latina-
Subdivisión de forma Diccionarios-
Subdivisión general Español.
9 (RLIN) 14295
650 14 - PUNTO DE ACCESO ADICIONAL DE MATERIA--TÉRMINO DE MATERIA
Término de materia o nombre geográfico como elemento de entrada Lengua española-
Subdivisión de forma Diccionarios-
Subdivisión general Latín.
9 (RLIN) 14144
650 14 - PUNTO DE ACCESO ADICIONAL DE MATERIA--TÉRMINO DE MATERIA
Término de materia o nombre geográfico como elemento de entrada Lengua latina-
Subdivisión general Sinónimos y antónimos-
Subdivisión de forma Diccionarios.
9 (RLIN) 14305
700 1# - ENTRADA AGREGADA--NOMBRE PERSONAL
Nombre de persona Gómez de la Cortina, Joaquín
Títulos y otros términos asociados al nombre , Marqués de Morante (
Fechas asociadas al nombre 1805-1868)
9 (RLIN) 57894
852 ## - LOCALIZACIÓN
Ubicación ES-MaACL
Número de control de estantería A-2182
Holdings
Estatus retirado Estado de pérdida Estado de daño No para préstamo Colección Biblioteca de origen Biblioteca actual Ubicación en estantería Fecha de adquisición Fuente de adquisición Total de préstamos Signatura topográfica completa Código de barras Visto por última vez Precio de reemplazo Tipo de ítem Koha
        Colección de referencia Biblioteca del Ateneo de Madrid Biblioteca del Ateneo de Madrid Sala Pecera Planta 1 17/01/2008     A-2182 1108993 23/02/2023 23/02/2023 Libro impreso